[Event "TCh-RUS Major League 2016"]
[Site "Sochi RUS"]
[Date "2016.05.01"]
[Round "1.1"]
[Board "2"]
[White "Sek, Konstantin"]
[Black "Volkov, Sergey"]
[Result "1-0"]
[BlackTitle "GM"]
[WhiteElo "2450"]
[BlackElo "2611"]
[WhiteTeam "Caissa-Sakhalin Yuzhno-Sakhalinsk"]
[BlackTeam "Malachite Yekaterinburg"]
[WhiteFideId "24104302"]
[BlackFideId "4122763"]
[EventDate "2016.05.01"]

1. d4 d5 2. c4 c6 3. Nf3 Nf6 4. e3 Bf5 5. Nc3 e6 6. Nh4 Bg6 7. Nxg6 hxg6 8. a3
Nbd7 9. g3 Bd6 10. c5 Bc7 11. Bg2 e5 12. O-O O-O 13. b4 a6 14. f4 e4 15. g4 g5
16. h4 gxh4 17. g5 Nh7 18. Bh3 g6 19. Qg4 f5 20. gxf6 Ndxf6 21. Qxh4 Qe7 22. Ra2
Rf7 23. Rg2 Nf8 24. a4 Rh7 25. Qg3 Kh8 26. Bb2 Re8 27. Rh2 Nh5 28. Qg2 Ng7 29.
Rh1 Qf6 30. Kf2 Qh4+ 31. Kg1 Nf5 32. Bxf5 Qxh1+ 33. Qxh1 Rxh1+ 34. Kxh1 gxf5 35.
Kg2 Kg7 36. Ne2 Nd7 37. Ng3 Kg6 38. Rh1 Nf6 39. Bc3 b6 40. Rc1 bxc5 41. dxc5 Ng4
42. Nf1 Rb8 43. Rb1 Bd8 44. Bd2 Bf6 45. Nh2 Nh6 46. Nf1 Kf7 47. Ng3 d4 48. exd4
Bxd4 49. Rh1 Bg7 50. Rh5 Rd8 51. Be1 Rd1 52. Kf2 Ke6 53. Ke2 Ra1 54. Rg5 Ra2+
55. Kd1 Bf6 56. Rh5 Ng4 57. Nxf5 Rxa4 58. Ng3 Ra1+ 59. Ke2 Ra2+ 60. Kd1 e3 61.
Rh7 e2+ 62. Kc1 Ne3 63. Rh1 Ng2 64. Bd2 Ra1+ 65. Kc2 Rxh1 66. Nxh1 e1=Q 67. Bxe1
Nxe1+ 68. Kb3 Bh4 69. Ka4 Nd3 70. f5+ Kxf5 71. Ka5 Ke4 72. Kxa6 Nxb4+ 73. Ka5
Nd5 1-0

[Event "TCh-RUS Major League 2016"]
[Site "Sochi RUS"]
[Date "2016.05.01"]
[Round "1.2"]
[Board "1"]
[White "Bezgodov, Alexei"]
[Black "Chigaev, Maksim"]
[Result "1/2-1/2"]
[WhiteTitle "GM"]
[BlackTitle "IM"]
[WhiteElo "2512"]
[BlackElo "2552"]
[WhiteTeam "Polytechnic Nizhny Tagil"]
[BlackTeam "Peter's Boat St-Petersburg"]
[WhiteFideId "4105257"]
[BlackFideId "4108116"]
[EventDate "2016.05.01"]

1. e4 c6 2. d4 d5 3. Nc3 dxe4 4. Nxe4 Bf5 5. Ng3 Bg6 6. h4 h6 7. Nf3 Nd7 8. h5
Bh7 9. Bd3 Bxd3 10. Qxd3 e6 11. Bd2 Ngf6 12. O-O-O Be7 13. Qe2 O-O 14. Ne5 Re8
15. f4 c5 16. f5 Bd6 17. Rhe1 Qc7 18. Qf3 cxd4 19. Nxd7 Nxd7 20. fxe6 fxe6 21.
Ne4 Rac8 22. Qb3 Bf8 23. Kb1 Qc4 24. g4 Qxb3 25. axb3 e5 26. g5 hxg5 27. Bxg5
Nc5 28. h6 Nxe4 29. Rxe4 gxh6 30. Bf6 Kh7 31. Rxe5 Rxe5 32. Bxe5 Bg7 33. Bxg7
Kxg7 34. Rxd4 h5 35. Rd7+ Kg6 36. Rxb7 h4 37. Rxa7 h3 38. Rd7 h2 39. Rd1 Rh8 40.
Rh1 Kg5 41. b4 Kf4 42. b5 Kg3 43. Ka2 Kg2 44. Rd1 h1=Q 45. Rxh1 Rxh1 46. Kb3 Kf3
47. Kc4 Rh2 48. b6 Rxc2+ 49. Kd5 Rxb2 50. Kc6 Ke4 51. b7 Ke5 52. Kc7 Rxb7+ 53.
Kxb7 1/2-1/2

[Event "TCh-RUS Major League 2016"]
[Site "Sochi RUS"]
[Date "2016.05.01"]
[Round "1.2"]
[Board "2"]
[White "Rozum, Ivan"]
[Black "Vokarev, Sergey"]
[Result "1/2-1/2"]
[WhiteTitle "GM"]
[BlackTitle "GM"]
[WhiteElo "2559"]
[BlackElo "2461"]
[WhiteTeam "Peter's Boat St-Petersburg"]
[BlackTeam "Polytechnic Nizhny Tagil"]
[WhiteFideId "24104272"]
[BlackFideId "4119711"]
[EventDate "2016.05.01"]

1. Nf3 d5 2. c4 e6 3. g3 Nf6 4. Bg2 Be7 5. O-O O-O 6. b3 c6 7. Bb2 b6 8. e3 Bb7
9. Qe2 Nbd7 10. Nc3 Nc5 11. d4 Nce4 12. Nxe4 Nxe4 13. Ne5 f6 14. Nd3 Qd7 15.
Rac1 Rfe8 16. f3 Nd6 17. e4 Nf7 18. e5 f5 19. f4 a5 20. a4 b5 21. Qd2 bxc4 22.
bxc4 Ba6 23. c5 Reb8 24. Bc3 Rb3 25. Rfd1 Bd8 26. Bf1 Qb7 27. Ra1 Qc8 28. Be2
Rb7 29. Rdb1 Bc4 30. Nc1 Bxe2 31. Qxe2 Rab8 32. Qd3 g5 33. Kf2 gxf4 34. gxf4 Nh6
35. h3 Bh4+ 36. Ke3 Qe8 37. Ne2 Bd8 38. Rxb7 Rxb7 39. Rb1 Qd7 40. Kd2 Rxb1 41.
Qxb1 Qa7 42. Nc1 Nf7 43. Nb3 Nh8 44. Qf1 Ng6 45. Kc2 Kf7 46. Bd2 Ke8 47. Qe2 Kf7
48. h4 Bxh4 49. Nxa5 Bd8 50. Qe1 Qa6 51. Kb2 Bxa5 52. Bxa5 Nxf4 53. Qd2 Qe2 54.
Ka3 Qxd2 55. Bxd2 Ne2 56. Kb4 h5 57. Be1 f4 58. Ka5 Ng3 59. Kb6 h4 60. Kxc6 h3
61. Kd7 h2 62. c6 h1=Q 63. c7 Qxe1 64. c8=Q Kg6 65. Kxe6 Kg5 66. Qd8+ Kg4 67. a5
Ne4 68. a6 Qa1 69. Qc8 f3 70. a7 Qxa7 71. Kxd5+ Kf4 72. Qc1+ Kf5 73. Qc8+ Kf4
74. Qc1+ Kg4 75. Qc8+ 1/2-1/2

[Event "TCh-RUS Major League 2016"]
[Site "Sochi RUS"]
[Date "2016.05.01"]
[Round "1.2"]
[Board "3"]
[White "Ozgibcev, Anatoly"]
[Black "Yevseev, Denis"]
[Result "1/2-1/2"]
[BlackTitle "GM"]
[WhiteElo "2375"]
[BlackElo "2526"]
[WhiteTeam "Polytechnic Nizhny Tagil"]
[BlackTeam "Peter's Boat St-Petersburg"]
[WhiteFideId "4139704"]
[BlackFideId "4126378"]
[EventDate "2016.05.01"]

1. e4 c6 2. d4 d5 3. exd5 cxd5 4. Bd3 Nc6 5. c3 Qc7 6. Ne2 Bg4 7. f3 Bd7 8. Na3
e5 9. Nb5 Qb6 10. dxe5 Nxe5 11. Nbd4 Bd6 12. Bf5 Bc6 13. Nxc6 bxc6 14. Qd4 Ne7
15. Qxb6 axb6 16. Bc2 Nc4 17. a4 Be5 18. b3 Nd6 19. Be3 Rb8 20. Kd2 O-O 21. a5
bxa5 22. Rxa5 Rfe8 23. Ra6 Nb5 24. Ra4 Nc8 25. Bf2 Bc7 26. Ra6 Bb6 27. Bxb6 Nxb6
28. Bd3 Nc7 29. Ra5 Ne6 30. Re1 Kf8 31. Bc2 g6 32. Nd4 Nxd4 33. Rxe8+ Kxe8 34.
cxd4 Nc8 35. Kc3 h5 36. h4 Kd7 37. Bd3 Kd6 38. b4 Ne7 39. Ra6 Kd7 40. Ra7+ Kd6
41. Ra6 Ra8 42. Bf1 1/2-1/2

[Event "TCh-RUS Major League 2016"]
[Site "Sochi RUS"]
[Date "2016.05.01"]
[Round "1.2"]
[Board "4"]
[White "Askerov, Marat"]
[Black "Murzin, Volodar"]
[Result "1/2-1/2"]
[WhiteTitle "FM"]
[WhiteElo "2344"]
[BlackElo "2170"]
[WhiteTeam "Peter's Boat St-Petersburg"]
[BlackTeam "Polytechnic Nizhny Tagil"]
[WhiteFideId "24175200"]
[BlackFideId "44155573"]
[EventDate "2016.05.01"]

1. d4 Nf6 2. c4 g6 3. Nc3 Bg7 4. e4 d6 5. g3 O-O 6. Bg2 e5 7. Nf3 exd4 8. Nxd4
Nc6 9. Nxc6 bxc6 10. O-O Be6 11. Qa4 Nd7 12. Rd1 Nb6 13. Qxc6 Bd7 14. Qb7 Bc8
15. Qc6 Bd7 16. Qb7 Bc8 17. Qc6 Bd7 18. Qb7 Bc8 19. Qc6 1/2-1/2

[Event "TCh-RUS Major League 2016"]
[Site "Sochi RUS"]
[Date "2016.05.01"]
[Round "1.3"]
[Board "3"]
[White "Lugovskoy, Maxim"]
[Black "Zhurikhin, Alexander"]
[Result "0-1"]
[WhiteTitle "IM"]
[BlackTitle "FM"]
[WhiteElo "2491"]
[BlackElo "2334"]
[WhiteTeam "Bulbasaur Tolyatti"]
[BlackTeam "Voronezh Voronezh"]
[WhiteFideId "24126454"]
[BlackFideId "4139569"]
[EventDate "2016.05.01"]

1. d4 Nf6 2. Nc3 d5 3. Bf4 e6 4. Nb5 Na6 5. e3 c6 6. Nc3 Nb8 7. Qf3 Bb4 8. Bd3
c5 9. dxc5 Nbd7 10. Bg5 Bxc3+ 11. bxc3 h6 12. Bh4 O-O 13. Ne2 e5 14. Bxf6 Nxf6
15. Bf5 Qa5 16. O-O Qxc5 17. Ng3 Qxc3 18. Bxc8 Qxc8 19. Rab1 b6 20. Rb4 Qxc2 21.
Nf5 Kh7 22. Rh4 Ng8 23. Qg4 g6 24. Nxh6 Kg7 25. Nxg8 Rxg8 26. f4 Qf5 27. Qxf5
gxf5 28. fxe5 Rh8 29. Rd4 Kg6 30. Rxd5 Rae8 31. Rf3 Rh4 32. h3 Re4 33. Rd6+ Re6
34. Rg3+ Kh6 35. Rd7 R4xe5 36. Rxf7 Ra5 37. a4 Ree5 38. Rf6+ Kh7 39. Rg5 Rxa4
40. Rfxf5 Rxf5 41. Rxf5 a5 42. Kf2 Rb4 43. Rf7+ Kg6 44. Ra7 a4 45. g4 b5 46.
Ra6+ Kf7 47. Kf3 Rb1 48. Ra5 Rb3 49. Ra7+ Ke6 50. h4 a3 51. Ra6+ Ke5 52. h5 b4
53. Ra5+ Ke6 54. h6 Rb1 55. h7 Rh1 56. Rh5 Rf1+ 57. Ke2 Rf8 58. Ra5 Rh8 59. Ra4
Rxh7 60. Rxb4 a2 61. Ra4 Rh1 0-1

[Event "TCh-RUS Major League 2016"]
[Site "Sochi RUS"]
[Date "2016.05.01"]
[Round "1.4"]
[Board "2"]
[White "Paravyan, David"]
[Black "Smirnov, Alexey"]
[Result "0-1"]
[WhiteTitle "IM"]
[WhiteElo "2497"]
[BlackElo "2445"]
[WhiteTeam "SergArk team Moscow"]
[BlackTeam "VOS RF g Smolensk"]
[WhiteFideId "4194985"]
[BlackFideId "4168437"]
[EventDate "2016.05.01"]

1. d4 Nf6 2. c4 g6 3. g3 Bg7 4. Bg2 O-O 5. Nc3 d6 6. Nf3 Nbd7 7. O-O e5 8. e4 c6
9. Re1 exd4 10. Nxd4 Ne5 11. b3 Nfd7 12. f4 Ng4 13. Bb2 Nc5 14. h3 Nf6 15. Qd2
Qb6 16. Kh2 a5 17. Nc2 Be6 18. Rab1 Rad8 19. f5 Bc8 20. Rf1 Qc7 21. Ne3 Rde8 22.
Rf2 h5 23. Kg1 Nfxe4 24. Nxe4 Nxe4 25. Bxe4 Rxe4 26. Bxg7 Kxg7 27. Ng2 Qb6 28.
fxg6 fxg6 29. Nf4 Qe3 30. Qxd6 Rfxf4 31. gxf4 Bxh3 32. Qd2 Qg3+ 33. Kh1 Bg4 34.
Rbf1 Re3 35. Rg2 Bf3 36. Rxf3 Qxf3 37. f5 Qe4 38. Qb2+ Kg8 0-1

[Event "TCh-RUS Major League 2016"]
[Site "Sochi RUS"]
[Date "2016.05.01"]
[Round "1.4"]
[Board "3"]
[White "Babarykin, Stanislav"]
[Black "Iljiushenok, Ilia"]
[Result "1/2-1/2"]
[WhiteTitle "FM"]
[BlackTitle "IM"]
[WhiteElo "2396"]
[BlackElo "2499"]
[WhiteTeam "VOS RF g Smolensk"]
[BlackTeam "SergArk team Moscow"]
[WhiteFideId "4101898"]
[BlackFideId "24105074"]
[EventDate "2016.05.01"]

1. e4 e5 2. Nc3 Nf6 3. Bc4 Nxe4 4. Qh5 Nd6 5. Bb3 Be7 6. Qxe5 O-O 7. Nf3 Nc6 8.
Qf4 Na5 9. O-O Nxb3 10. axb3 b6 11. Nd5 Bb7 12. Nxe7+ Qxe7 13. Re1 Qf6 14. Qxf6
gxf6 15. Nh4 Rfe8 16. Re3 Re5 17. d3 Bc6 18. Bd2 Rh5 19. g3 a5 20. c4 Kg7 21.
Bc3 b5 22. Rxa5 Rxa5 23. Bxa5 bxc4 24. Bxc7 Nb5 25. Bb6 cxb3 26. d4 Bd5 27. Ng2
Bc4 28. g4 Rg5 29. f3 f5 30. Bd8 Rg6 31. Nf4 Rd6 32. g5 Nxd4 33. Nh5+ Kg6 34.
Nf4+ Kg7 35. Bc7 Re6 36. Nxe6+ Nxe6 37. Be5+ Kg6 38. f4 h6 39. gxh6 Kxh6 40. Bd6
Nd4 41. Kf2 Nb5 42. Be5 d6 43. Rh3+ Kg6 44. Rg3+ Kh7 45. Bf6 Nc7 46. Rc3 d5 47.
Rg3 Ne8 48. Be5 f6 49. Bb8 d4 50. Rg1 Ng7 51. Rc1 Bd5 52. Rc7 Be4 53. Ba7 Kg6
54. Re7 Nh5 55. Bb8 Ng7 56. Ke1 Bd3 57. Kd2 Bc2 58. Bd6 Be4 59. Bc7 Bc2 60. Bb8
Be4 61. Bd6 Bc2 62. Re1 Kf7 63. Re7+ 1/2-1/2

[Event "TCh-RUS Major League 2016"]
[Site "Sochi RUS"]
[Date "2016.05.01"]
[Round "1.4"]
[Board "4"]
[White "Arkhipov, Sergey"]
[Black "Meshkov, Yuri A."]
[Result "1-0"]
[WhiteTitle "GM"]
[BlackTitle "IM"]
[WhiteElo "2480"]
[BlackElo "2354"]
[WhiteTeam "SergArk team Moscow"]
[BlackTeam "VOS RF g Smolensk"]
[WhiteFideId "4101146"]
[BlackFideId "4107101"]
[EventDate "2016.05.01"]

1. d4 Nf6 2. c4 d6 3. Nf3 Bf5 4. Qb3 Qc8 5. g3 a5 6. Bg2 a4 7. Qd1 Nc6 8. O-O
Bh3 9. Nc3 Bxg2 10. Kxg2 Qd7 11. Nxa4 Nxd4 12. Nb6 cxb6 13. Qxd4 b5 14. Rd1 bxc4
15. Qxc4 Qc6 16. Qb3 g6 17. Bf4 Bg7 18. Rac1 Qa6 19. Rc7 O-O 20. Rxe7 Qxa2 21.
Rxb7 Qxb3 22. Rxb3 Ne4 23. Nd4 Rfe8 24. h4 Nc5 25. Re3 Rxe3 26. fxe3 Ne4 27. Kf3
d5 28. b4 Ra2 29. Rc1 Bxd4 30. exd4 Ra3+ 31. Kg2 h6 32. b5 Rb3 33. Rc8+ Kg7 34.
Rb8 g5 35. Bc7 Rb2 36. Kf3 Rb3+ 37. Kg4 Re3 38. b6 Rxe2 39. b7 Rb2 40. Kf5 gxh4
41. gxh4 h5 42. Ke5 Rb5 43. Bd8 Kg6 44. Be7 f6+ 45. Ke6 Rb6+ 46. Kxd5 Nc3+ 47.
Kc4 Nd1 48. Rg8+ Kf7 49. b8=Q Rxb8 50. Rxb8 Kxe7 51. Rh8 Kd6 52. Rxh5 Ne3+ 53.
Kd3 1-0

[Event "TCh-RUS Major League 2016"]
[Site "Sochi RUS"]
[Date "2016.05.02"]
[Round "2.2"]
[Board "2"]
[White "Bernadskiy, Vitaliy"]
[Black "Sychev, Klementy"]
[Result "1/2-1/2"]
[WhiteTitle "GM"]
[BlackTitle "IM"]
[WhiteElo "2526"]
[BlackElo "2419"]
[WhiteTeam "Bulbasaur Tolyatti"]
[BlackTeam "Automation Moscow"]
[WhiteFideId "14100371"]
[BlackFideId "4114060"]
[EventDate "2016.05.01"]

1. d4 Nf6 2. c4 g6 3. Nc3 d5 4. cxd5 Nxd5 5. e4 Nxc3 6. bxc3 c5 7. Bc4 Bg7 8.
Ne2 Nc6 9. Be3 O-O 10. Rc1 cxd4 11. cxd4 Qa5+ 12. Kf1 Bd7 13. h4 Rfc8 14. h5 Nd8
15. hxg6 hxg6 16. f3 Bb5 17. Bxb5 Qxb5 18. Kf2 Rxc1 19. Qxc1 Nc6 20. Qb1 a6 21.
a4 Qxb1 22. Rxb1 b5 23. axb5 axb5 24. Rxb5 Ra2 25. e5 e6 26. f4 Bf8 27. Rb3 Nb4
28. Kf3 Nd5 29. Nc3 Nxc3 30. Rxc3 Bb4 31. Rc8+ Kg7 32. Bf2 Be7 33. Re8 Ra3+ 34.
Kg4 Ra2 35. Rxe7 Rxf2 36. g3 Rd2 37. Rd7 Rd3 38. Kh4 g5+ 39. Kxg5 Rxg3+ 40. Kh4
Rg1 41. f5 exf5 42. d5 Kg6 43. Rd8 Rg4+ 44. Kh3 Rd4 45. Kg3 f4+ 46. Kg4 f3+ 47.
Kxf3 Kf5 48. Ke3 Rd1 49. Ke2 Rd4 50. Ke3 Rd1 1/2-1/2

[Event "TCh-RUS Major League 2016"]
[Site "Sochi RUS"]
[Date "2016.05.02"]
[Round "2.4"]
[Board "2"]
[White "Smirnov, Alexey"]
[Black "Levin, Evgeny A."]
[Result "1/2-1/2"]
[BlackTitle "GM"]
[WhiteElo "2445"]
[BlackElo "2510"]
[WhiteTeam "VOS RF g Smolensk"]
[BlackTeam "SDYUSSHOR SHSH St-Petersburg"]
[WhiteFideId "4168437"]
[BlackFideId "4182596"]
[EventDate "2016.05.01"]

1. d4 Nf6 2. c4 e6 3. Nc3 Bb4 4. e3 c5 5. Bd3 O-O 6. Nf3 d5 7. O-O Nc6 8. cxd5
exd5 9. dxc5 Bxc5 10. h3 a6 11. b3 d4 12. Na4 Ba7 13. exd4 Nxd4 14. Bb2 Ne6 15.
Qc2 Nf4 16. Rad1 Nxd3 17. Rxd3 Bf5 18. Rxd8 Bxc2 19. Rxa8 Rxa8 20. Bd4 Bxd4 21.
Nxd4 Be4 22. f3 Rd8 23. Rd1 Bc6 24. Nc3 Bd7 25. Kf2 Rc8 26. Nce2 Nd5 27. Nf5
Bxf5 28. Rxd5 Be6 29. Rd2 Kf8 30. Nf4 Bf5 31. g4 Rc2 32. Ke2 Rxd2+ 33. Kxd2 Bd7
34. h4 Ke7 35. Ke3 Bc6 36. a3 h6 37. g5 hxg5 38. hxg5 f6 39. gxf6+ Kxf6 40. Nh5+
Kg6 41. Ng3 Kf6 42. f4 1/2-1/2

[Event "TCh-RUS Major League 2016"]
[Site "Sochi RUS"]
[Date "2016.05.03"]
[Round "3.1"]
[Board "3"]
[White "Kryakvin, Dmitry"]
[Black "Sarana, Alexey"]
[Result "1-0"]
[WhiteTitle "GM"]
[BlackTitle "IM"]
[WhiteElo "2532"]
[BlackElo "2422"]
[WhiteTeam "Malachite Yekaterinburg"]
[BlackTeam "Moscow region"]
[WhiteFideId "4153278"]
[BlackFideId "24133795"]
[EventDate "2016.05.01"]

1. Nf3 Nf6 2. c4 e6 3. g3 d5 4. Bg2 Be7 5. O-O O-O 6. d4 dxc4 7. Qc2 a6 8. a4
Bd7 9. Qxc4 Bc6 10. Bg5 Bd5 11. Qc2 Be4 12. Qd1 h6 13. Bxf6 Bxf6 14. Nbd2 Bxf3
15. Nxf3 c5 16. dxc5 Qa5 17. Ne1 Qxc5 18. Bxb7 Ra7 19. Nd3 Qb6 20. Bg2 a5 21.
Ra3 Qd4 22. Rb3 Nd7 23. Rb5 Ne5 24. Nxe5 Bxe5 25. e3 Qxd1 26. Rxd1 Bf6 27. Bb7
Rd8 28. Rxd8+ Bxd8 29. f4 Kf8 30. e4 Ke7 31. e5 Kd7 32. Kg2 Kc7 33. Be4 h5 34.
b4 axb4 35. Rxb4 Be7 36. Rc4+ Kb6 37. Bc6 Bc5 38. Be8 Rc7 39. h4 Ka5 40. Bxf7
Rxf7 41. Rxc5+ Kxa4 42. Rc8 Kb5 43. Rh8 Kc4 44. Rxh5 Kd4 45. Kf3 1-0

[Event "TCh-RUS Major League 2016"]
[Site "Sochi RUS"]
[Date "2016.05.03"]
[Round "3.2"]
[Board "1"]
[White "Palachev, Petr"]
[Black "Chigaev, Maksim"]
[Result "1/2-1/2"]
[WhiteTitle "FM"]
[BlackTitle "IM"]
[WhiteElo "2403"]
[BlackElo "2552"]
[WhiteTeam "Zhiguli Samara region"]
[BlackTeam "Peter's Boat St-Petersburg"]
[WhiteFideId "24129003"]
[BlackFideId "4108116"]
[EventDate "2016.05.01"]

1. d4 Nf6 2. c4 e6 3. Nf3 b6 4. g3 Bb7 5. Bg2 Be7 6. O-O O-O 7. Nc3 Ne4 8. Qd3
Nxc3 9. Qxc3 f5 10. b3 Bf6 11. Bb2 d6 12. Rad1 Qe8 13. Ne1 Bxg2 14. Nxg2 Nd7 15.
Qc2 a5 16. Rfe1 Qf7 17. e4 fxe4 18. Qxe4 e5 19. f4 exd4 20. Bxd4 a4 21. Qc6
Bxd4+ 22. Rxd4 axb3 23. axb3 Ne5 24. Qe4 Rae8 25. Rd2 Ng4 26. Qf3 Rxe1+ 27. Nxe1
Qf5 28. Re2 Nf6 29. Kg2 Re8 30. Rxe8+ Nxe8 31. Nd3 Nf6 32. Nf2 Qc2 33. Qb7 h5
34. h3 Qxb3 35. Qc8+ Kh7 36. Qf5+ Kh8 37. Qc8+ Ng8 38. Qxc7 d5 39. cxd5 Qxd5+
40. Kg1 b5 41. Qe5 Nf6 42. Qxd5 Nxd5 43. Nd3 b4 44. Kf2 b3 45. Kf3 Kh7 46. Nb2
Kg6 47. Ke4 Nf6+ 48. Ke5 Kf7 49. Nd3 Ke7 50. Kf5 Kf8 51. Nb2 Kf7 52. Ke5 g6 53.
Nd3 Ke7 54. Kd4 Kd6 55. Kc4 Ne4 56. g4 hxg4 57. Kd4 1/2-1/2

[Event "TCh-RUS Major League 2016"]
[Site "Sochi RUS"]
[Date "2016.05.03"]
[Round "3.2"]
[Board "2"]
[White "Rozum, Ivan"]
[Black "Mokshanov, Alexey"]
[Result "1/2-1/2"]
[WhiteTitle "GM"]
[BlackTitle "IM"]
[WhiteElo "2559"]
[BlackElo "2425"]
[WhiteTeam "Peter's Boat St-Petersburg"]
[BlackTeam "Zhiguli Samara region"]
[WhiteFideId "24104272"]
[BlackFideId "24121657"]
[EventDate "2016.05.01"]

1. Nf3 Nf6 2. g3 d5 3. Bg2 e6 4. O-O Be7 5. c4 O-O 6. d4 dxc4 7. Qc2 a6 8. a4
Bd7 9. Qxc4 Bc6 10. Bg5 Bd5 11. Qc2 Be4 12. Qd1 c5 13. dxc5 Bxc5 14. Nbd2 Bc6
15. Ne5 Bxg2 16. Kxg2 Be7 17. Ndf3 Nbd7 18. Rc1 Nxe5 19. Nxe5 Nd5 20. Bxe7 Qxe7
21. Qb3 Rac8 22. Nd3 Nf6 23. Rc4 b5 24. axb5 Qb7+ 25. f3 Rxc4 26. Qxc4 axb5 27.
Qd4 Rc8 28. Rc1 h6 29. Rc5 Rxc5 30. Qxc5 Qd5 31. Qc8+ Kh7 32. Qc7 Nd7 33. Qc3 e5
34. Qb4 f6 35. Nf2 Kg8 36. Ne4 Qc4 37. Qd2 Nc5 38. Nd6 Qb3 39. Qc3 Qd5 40. Nxb5
Ne6 41. Qc8+ Kh7 42. Qc2+ Kg8 43. Nc3 Qc4 44. Qa4 Qc8 45. Qb3 Kh8 46. Qd5 Nd4
47. e3 Nf5 48. Qd3 Qb7 49. Nd1 Ne7 50. b3 Nd5 51. e4 Nb4 52. Qd8+ Kh7 53. Ne3
Nc6 54. Qd5 Qa7 55. Nf5 Nd4 56. b4 Qa3 57. Nxd4 Qb2+ 58. Kh3 exd4 59. b5 Qb1 60.
Qxd4 Qxb5 61. Kg2 Qe2+ 62. Qf2 Qd3 63. g4 Kg6 64. Qc5 Qe2+ 65. Kg3 Kh7 66. h4
Qe1+ 67. Qf2 Qb1 68. h5 Kh8 69. Kg2 Qd3 70. Qb2 Qe3 71. Qc2 Kg8 72. Kg3 Kh8 73.
Qf2 Qd3 74. Qc5 Qd2 75. Qf2 Qd3 76. Qe1 Kh7 77. Kf4 Qc4 78. Qd2 Qc7+ 79. Ke3
Qc5+ 80. Ke2 Qg1 81. Qe3 Qg2+ 82. Qf2 Qh1 83. Qf1 Qh2+ 84. Ke3 Qe5 85. Qd3 Qc5+
86. Ke2 Kh8 87. Kf1 Qc1+ 88. Kg2 Qb2+ 89. Kg3 Qc1 90. Qd4 Qe1+ 91. Qf2 Qb1 92.
Qe3 Kg8 93. e5 fxe5 94. Qxe5 Qc1 95. Qe8+ Kh7 96. Qe4+ Kh8 97. Qd3 Kg8 98. Kf2
Kh8 99. Ke2 Qb2+ 100. Ke3 Qe5+ 101. Qe4 Qc3+ 102. Kf4 Qf6+ 103. Kg3 Qd6+ 104. f4
Qd2 105. Qe5 Qd3+ 106. Kh4 Qf3 107. Qd4 Kh7 108. Qd2 Qh1+ 109. Kg3 Qg1+ 110. Qg2
Qe3+ 111. Qf3 Qg1+ 112. Kh3 Kh8 113. f5 Qa1 114. Qe3 Kh7 115. Kg3 Qb1 116. Kf4
Qb8+ 117. Kf3 Qb1 118. Kg3 Qb8+ 119. Qf4 Qb3+ 120. Kh4 Qb1 121. Qf3 Qe1+ 122.
Kh3 Qb1 123. Qe3 Qh1+ 124. Kg3 Qb1 125. Qd4 Qb8+ 126. Kf3 Qb7+ 127. Qe4 Qb3+
128. Kg2 Qb2+ 129. Kg3 Qc3+ 130. Qf3 Qe1+ 131. Kh3 Qb1 132. Qf2 Qa1 133. f6 Qxf6
134. Qxf6 gxf6 135. Kg3 Kg7 136. Kf4 Kf8 1/2-1/2

[Event "TCh-RUS Major League 2016"]
[Site "Sochi RUS"]
[Date "2016.05.03"]
[Round "3.4"]
[Board "3"]
[White "Utnasunov, Alexander"]
[Black "Ulko, Jaroslav"]
[Result "1/2-1/2"]
[BlackTitle "IM"]
[WhiteElo "2423"]
[BlackElo "2441"]
[WhiteTeam "Boavista Moscow"]
[BlackTeam "Automation Moscow"]
[WhiteFideId "4134524"]
[BlackFideId "4116658"]
[EventDate "2016.05.01"]

1. d4 Nf6 2. c4 e6 3. Nc3 Bb4 4. f3 c5 5. d5 d6 6. e4 O-O 7. Ne2 a6 8. a3 Ba5 9.
Rb1 exd5 10. cxd5 b5 11. b4 Bb6 12. Be3 Nbd7 13. Qd2 Nh5 14. Ng3 cxb4 15. Bxb6
bxc3 16. Qxc3 Nxb6 17. Nxh5 Qh4+ 18. Ng3 f5 19. Qc6 f4 20. Qxb6 fxg3 21. Be2
gxh2+ 22. Qf2 Qf6 23. Rc1 Bd7 24. Rxh2 Rac8 25. Rxc8 Rxc8 26. Qh4 Qc3+ 27. Kf2
Qd4+ 28. Kg3 Qe5+ 29. Qf4 Qa1 30. Qxd6 Qe1+ 31. Kf4 Rf8+ 32. Ke3 Qg1+ 33. Kd3 b4
34. Qxd7 Qxh2 35. Qe6+ Kh8 36. axb4 Qxg2 37. d6 Qg1 38. Qe7 Qb1+ 39. Ke3 Qg1+
40. Kd3 Qb1+ 41. Ke3 Qg1+ 1/2-1/2

[Event "TCh-RUS Major League 2016"]
[Site "Sochi RUS"]
[Date "2016.05.04"]
[Round "4.3"]
[Board "3"]
[White "Iljiushenok, Ilia"]
[Black "Tarasov, Alexandr"]
[Result "1/2-1/2"]
[WhiteTitle "IM"]
[WhiteElo "2499"]
[BlackElo "2323"]
[WhiteTeam "SergArk team Moscow"]
[BlackTeam "SSHOR Youth of Moscow Moscow"]
[WhiteFideId "24105074"]
[BlackFideId "24128600"]
[EventDate "2016.05.01"]

1. d4 Nf6 2. c4 e6 3. Nc3 Bb4 4. e3 O-O 5. Ne2 Re8 6. a3 Bf8 7. Ng3 d5 8. Be2
dxc4 9. O-O c5 10. dxc5 Bxc5 11. Bxc4 a6 12. b4 Be7 13. Qe2 b5 14. Bb3 a5 15.
Nxb5 axb4 16. Rd1 Bd7 17. Nd6 Bxd6 18. Rxd6 bxa3 19. Rxa3 Rxa3 20. Bxa3 Qa5 21.
Bb2 Qb4 22. Rd3 Bb5 23. Qd2 Qxd2 24. Rxd2 Nbd7 25. e4 Rb8 26. f3 Ne8 27. h3 Nb6
28. Rd4 Bc4 29. Bd1 e5 30. Rd2 f6 31. Nf5 Kf7 32. Ba3 Be6 33. Be2 Nd7 34. Kh2
Ra8 35. Rd3 Nf8 36. Rc3 Rc8 37. Rxc8 Bxc8 38. Bc4+ Be6 39. Bxf8 Bxc4 40. Bxg7
Be6 41. Bh6 Kg6 42. Be3 Bxf5 43. exf5+ Kxf5 1/2-1/2

[Event "TCh-RUS Major League 2016"]
[Site "Sochi RUS"]
[Date "2016.05.07"]
[Round "6.2"]
[Board "2"]
[White "Bernadskiy, Vitaliy"]
[Black "Chigaev, Maksim"]
[Result "1/2-1/2"]
[WhiteTitle "GM"]
[BlackTitle "IM"]
[WhiteElo "2526"]
[BlackElo "2552"]
[WhiteTeam "Bulbasaur Tolyatti"]
[BlackTeam "Peter's Boat St-Petersburg"]
[WhiteFideId "14100371"]
[BlackFideId "4108116"]
[EventDate "2016.05.01"]

1. d4 Nf6 2. c4 e6 3. Nc3 Bb4 4. e3 c5 5. Ne2 b6 6. a3 Ba5 7. Rb1 Na6 8. g3 cxd4
9. exd4 Bb7 10. d5 Bxc3+ 11. Nxc3 O-O 12. Bg2 Qc7 13. Qd4 Rac8 14. Bg5 Qxc4 15.
Bxf6 gxf6 16. Qxf6 exd5 17. Qg5+ Kh8 18. Qf6+ Kg8 19. Qg5+ Kh8 20. Qf6+ Kg8 21.
Qg5+ Kh8 1/2-1/2

[Event "TCh-RUS Major League 2016"]
[Site "Sochi RUS"]
[Date "2016.05.09"]
[Round "8.1"]
[Board "2"]
[White "Paravyan, David"]
[Black "Levin, Evgeny A."]
[Result "1-0"]
[WhiteTitle "IM"]
[BlackTitle "GM"]
[WhiteElo "2497"]
[BlackElo "2510"]
[WhiteTeam "SergArk team Moscow"]
[BlackTeam "SDYUSSHOR SHSH St-Petersburg"]
[WhiteFideId "4194985"]
[BlackFideId "4182596"]
[EventDate "2016.05.01"]

1. e4 e6 2. d4 d5 3. Nc3 Nf6 4. e5 Nfd7 5. f4 c5 6. Nf3 Nc6 7. Be3 Be7 8. Qd2
O-O 9. dxc5 Qa5 10. O-O-O Bxc5 11. a3 Rd8 12. Nd4 Bxd4 13. Bxd4 Nxd4 14. Qxd4 a6
15. f5 Qb6 16. Qf4 Qc7 17. fxe6 fxe6 18. Bd3 Rf8 19. Qh4 h6 20. Qe7 Qxe5 21.
Rde1 Qf4+ 22. Kb1 Nf6 23. Rhf1 Qg5 24. Rf3 Qh5 25. g4 Qe8 26. Qd6 Qd8 27. Qg3 d4
28. Ne4 Nxe4 29. Rxe4 Rxf3 30. Qxf3 Qd5 31. Qf4 Bd7 32. Rxd4 Qh1+ 33. Ka2 Bc6
34. Qe5 Qf3 35. Bc4 Re8 36. Rf4 Qg2 37. Bxe6+ Kh7 38. Rf7 Qxg4 39. Bf5+ Kg8 40.
Rf8+ 1-0